Dating late XIXth dynasty ostraca /
Main Author:
Format: Book
Language:
English
Ancient Egyptian
Published:
Leiden :
Nederlands Instituut voor het Nabije Oosten,
2004.
Series:
Egyptologische uitgaven ;
18.
EgUit ;
18.
Subjects:
Tags: Add Tag
Call Number: DT57 .U35 v.18
| LEADER | 00716namaa2200253 4500 | ||
|---|---|---|---|
| 001 | 13385 | ||
| 003 | OSt | ||
| 005 | 20260423064235.0 | ||
| 008 | 130303s2004 ne a 000 0 eng d | ||
| 020 | |a 9062582184 | ||
| 040 | |c ARCE Library | ||
| 041 | 0 | |a eng |a egy | |
| 050 | 4 | |a DT57 .U35 v.18 | |
| 100 | 1 | |a Collier, Mark, |e author | |
| 245 | 1 | 0 | |a Dating late XIXth dynasty ostraca / |c Mark Collier. |
| 264 | 1 | |a Leiden : |b Nederlands Instituut voor het Nabije Oosten, |c 2004. | |
| 300 | |a 164 pages : |b illustrations ; |c 27 cm. | ||
| 490 | 0 | |a Egyptologische uitgaven ; |v 18. | |
| 490 | 0 | |a EgUit ; |v 18. | |
| 650 | 0 | |a Ostraka. | |
| 650 | 0 | |a Egyptian language |v Texts. | |
| 901 | |a reviewed | ||
| 942 | |c BK |2 lcc | ||
| 999 | |c 13280 |d 13280 | ||
